América mágica: cuentos, leyendas y misterios
সংরক্ষণ করুন:
| প্রধান লেখক: | , |
|---|---|
| বিন্যাস: | গ্রন্থ |
| ভাষা: | স্প্যানিশ |
| প্রকাশিত: |
Santa Fe
Homo Sapiens Ediciones
2010
|
| সংস্করন: | 1a. ed |
| মালা: | La Flor de la Canela
|
| বিষয়গুলি: | |
| ট্যাগগুলো: |
ট্যাগ যুক্ত করুন
কোনো ট্যাগ নেই, প্রথমজন হিসাবে ট্যাগ করুন!
|
MARC
| LEADER | 00000cam a2200000 a 4500 | ||
|---|---|---|---|
| 001 | UCF7419 | ||
| 003 | CL-VaPUC | ||
| 008 | 130620e20100000AG |||||||||||||||||spa|d | ||
| 020 | |a 9789508086136 | ||
| 082 | 0 | 4 | |a 863.9282 |b PER |2 21 |
| 100 | 0 | |a Pérez Aguilar, Graciela Elsa |e author |9 569471 | |
| 700 | 0 | |a Repún, Graciela |e author |9 569472 | |
| 245 | 1 | 0 | |a América mágica: cuentos, leyendas y misterios |
| 250 | |a 1a. ed | ||
| 300 | |a 76 p | ||
| 942 | |c BK | ||
| 945 | |d 20130620 00:00:00 |a dcastane | ||
| 260 | |a Santa Fe |b Homo Sapiens Ediciones |c 2010 | ||
| 650 | 0 | |a Literatura hispanoamericana |9 269097 | |
| 650 | 0 | |a Cuentos hispanoamericanos |9 312389 | |
| 650 | 0 | |a Literatura infantil |9 307465 | |
| 583 | |a last modification |c 20130620 13:43:00 |k Rodrigo Vera | ||
| 490 | 0 | |a La Flor de la Canela | |
| 999 | |c 352262 |d 352260 | ||